Music Quiz

Random Music Quiz
Score 0/26 Timer 08:00
0 Plays Today
Year Single % Correct
1995Wonderwall
98.6%
1996Don't Look Back In Anger
93.1%
1994Live Forever
82.8%
1994Supersonic
82.1%
1994Cigarettes and Alcohol
77.9%
1995Roll With It
75.2%
1995Some Might Say
71%
2005Lyla
70.3%
1994Whatever
65.5%
1998All Around The World
65.5%
2002Little By Little & She Is Love
64.8%
1994Shakermaker
63.4%
2000Go Let It Out
62.8%
Year Single % Correct
2002The Hindu Times
61.4%
2005The Importance Of Being Idle
61.4%
1997Stand By Me
60.7%
1997D'You Know What I Mean?
57.2%
2002Stop Crying Your Heart Out
57.2%
2003Songbird
55.9%
2008The Shock Of The Lightning
49%
2000Sunday Morning Call
46.2%
2005Let There Be Love
39.3%
2008I'm Outta Tima
39.3%
2000Who Feels Love?
37.9%
2009Falling Down
35.2%
2007Lord Don't Slow Me Down
26.2%
Remove Ads.
Support Sporcle.
Get the best of Sporcle when you Go Orange. This ad-free experience offers more features, more stats, and more fun while also helping to support Sporcle. Thank you for becoming a member.

You're not logged in!

Compare scores with friends on all Sporcle quizzes.
OR
Log In

Show Comments

Extras

Created Nov 28, 2010ReportNominate
Tags:chart, Oasis, Single

Top Quizzes Today


Score Distribution

Your Account Isn't Verified!

In order to create a playlist on Sporcle, you need to verify the email address you used during registration. Go to your Sporcle Settings to finish the process.

Report this User

Report this user for behavior that violates our Community Guidelines.

Details: